[Event "Top 12 FRA-chT 2017"]
[Site "Chartres"]
[Date "2017.05.19"]
[Round "2"]
[White "Guichard, Pauline"]
[Black "Bollengier, Andreea"]
[Result "1-0"]
[WhiteElo "2312"]
[BlackElo "2234"]
[Annotator "TA"]
[PlyCount "89"]
[EventDate "2017.??.??"]
[EventType "team-tourn"]
[EventCountry "FRA"]
[SourceTitle "playchess.com"]
[Source "ChessBase"]
[SourceQuality "1"]
[WhiteTeam "Clichy"]
[BlackTeam "Nice Alekhine"]

{[%evp 14,89,28,0,7,0,0,-50,-20,-16,-15,-60,0,0,0,-49,91,91,91,103,131,132,130,121,155,145,145,149,155,73,163,161,139,147,196,206,284,294,311,323,405,367,423,375,393,391,380,371,390,388,387,0,375,356,362,355,558,548,553,383,353,228,803,797,783,796,776,781,729,716,799,474,29961,29965,29957,1731,6370,6832]} 1. c4 c6 2. Nf3 Nf6 3. e3 d5 4. b3 Bf5 5. Bb2 e6 6. Be2 Nbd7 7. O-O Be7 8. Nc3 h6 {A12: English Opening: 1...c6 with b3 by White} 9. Nd4 Bh7 10. cxd5 (10. f4 O-O 11. Nf3 a6 12. Rc1 Rc8 13. Ne5 Nxe5 14. fxe5 {1-0 (56) Svidler,P (2754)-Aronian,L (2786) Moscow 2009}) 10... cxd5 {Black is slightly better.} 11. f4 O-O 12. Rf3 $146 ({Predecessor:} 12. Nf3 Rc8 13. Rc1 a6 14. Ne5 Nxe5 15. fxe5 Ne4 16. Nxe4 Bxe4 17. Rxc8 Qxc8 {½-½ (27) Secula,V-Hodakowsky,G Hamburg 1980}) 12... e5 ({Black should try} 12... a6 $15) 13. fxe5 $11 Nxe5 14. Rg3 Nd3 (14... Bb4 $15 {keeps the upper hand.}) 15. Bxd3 $1 $16 Bxd3 16. e4 $1 Bc5 17. Rxd3 {Hoping for e5.} dxe4 18. Na4 b6 19. b4 $1 exd3 20. bxc5 bxc5 {[#]} 21. Nxc5 (21. Nf5 $142 $1) 21... Rb8 {[#]} (21... Re8 $16 {might work better.}) 22. Ndb3 $1 $18 Rb6 23. Qf3 a5 24. Bc3 ({And not} 24. Nxd3 a4 $15) 24... a4 25. Nxa4 Re6 26. Nac5 Re2 27. Nxd3 Rfe8 28. Rf1 R2e6 29. Nbc5 Rd6 30. a4 Qc7 31. Qg3 Nh5 32. Qf3 Nf6 $1 33. Kh1 Rc6 34. Bd4 Rd8 (34... Rd6 {was called for.}) 35. Be5 Qb6 36. a5 Qb5 37. a6 Rxc5 $2 (37... Rxa6 38. Nxa6 Rxd3 39. Qa8+ Ne8) 38. Nxc5 Qxc5 39. Bxf6 gxf6 40. Qxf6 {KQR-KQR} Rd7 41. Qxh6 Qb5 42. Rc1 {White wants to mate with Rc8+.} Rd8 (42... Rc7 $18 43. Re1 Ra7) 43. h4 Ra8 44. Rc3 {Threatening mate with Rg3+.} Qe5 45. Re3 {Precision: White = 69%, Black = 43%.} 1-0

[Event "Top 12 FRA-chT 2017"]
[Site "Chartres"]
[Date "2017.05.19"]
[Round "2"]
[White "Bollengier, Andreea"]
[Black "Guichard, Pauline"]
[Result "*"]
[WhiteElo "2234"]
[BlackElo "2312"]
[Annotator "TA"]
[PlyCount "31"]
[EventDate "2017.??.??"]
[EventType "team-tourn"]
[EventCountry "FRA"]
[SourceTitle "playchess.com"]
[Source "ChessBase"]
[SourceQuality "1"]
[WhiteTeam "Nice Alekhine"]
[BlackTeam "Clichy"]

{[%evp 15,31,9,4,0,0,-35,-16,-8,-14,-60,0,0,0,-32,128,133,126,104]} 1. c4 c6 2. Nf3 Nf6 3. e3 d5 4. b3 Bf5 5. Bb2 e6 6. Be2 Nbd7 7. O-O {[%cal Bh1f1,Bf1f3,Bf3g3][%mdl 32]} Be7 8. Nc3 h6 {LiveBook: 14 Games. A12: English Opening: 1...c6 with b3 by White} 9. Nd4 Bh7 10. cxd5 (10. f4 O-O 11. Nf3 a6 12. Rc1 Rc8 13. Ne5 Nxe5 14. fxe5 {1-0 (56) Svidler,P (2754)-Aronian,L (2786) Moscow 2009}) 10... cxd5 {Black is slightly better.} 11. f4 O-O 12. Rf3 $146 ({Predecessor:} 12. Nf3 Rc8 13. Rc1 a6 14. Ne5 Nxe5 15. fxe5 Ne4 16. Nxe4 Bxe4 17. Rxc8 Qxc8 {½-½ (27) Secula,V-Hodakowsky,G Hamburg 1980}) 12... e5 ({Black should try} 12... a6 $15) 13. fxe5 $11 Nxe5 14. Rg3 Nd3 $2 {[#]} (14... Bb4 $15) 15. Bxd3 $1 $16 Bxd3 {[#]} 16. e4 $1 *

[Event "Top 12 FRA-chT 2017"]
[Site "Chartres"]
[Date "2017.05.19"]
[Round "2"]
[White "Youssoupov, Moisse"]
[Black "Riff, Jean-Noel"]
[Result "0-1"]
[WhiteElo "2233"]
[BlackElo "2476"]
[Annotator "TA"]
[PlyCount "94"]
[EventDate "2017.??.??"]
[EventType "team-tourn"]
[EventCountry "FRA"]
[SourceTitle "playchess.com"]
[Source "ChessBase"]
[SourceQuality "1"]
[WhiteTeam "Montpellier"]
[BlackTeam "Mulhouse Philidor"]

{[%evp 11,94,-5,9,-10,-3,-10,-15,-24,-11,-39,-27,-38,-14,-14,-13,-27,0,-41,-49,-27,-44,-135,-33,-185,-184,-183,-170,-173,-169,-182,-182,-183,-167,-188,-143,-142,-138,-179,-157,-165,-164,-162,-161,-150,-147,-160,-145,-256,-252,-373,-366,-339,-300,-277,-262,-450,-430,-609,-572,-602,-542,-964,-941,-29954,-29955,-29964,-29965,-29967,-29968,-29967,-29968,-29968,-29969,-29968,-29964,-6535,-6527,-29987,-29988,-29988,-29989,-29989,-29984,-29984,-29985]} 1. d4 e6 2. Bf4 Nf6 3. e3 d5 4. Nd2 Bd6 5. Bg3 O-O 6. Ngf3 c5 {LiveBook: 59 Games. D02: 1 d4 d5 2 Nf3 sidelines, including 2...Nf6 3 g3 and 2...Nf6 3 Bf4} 7. c3 Qc7 (7... b6 8. Bd3 Ba6 9. Bxa6 Nxa6 10. Qe2 Nc7 11. Ne5 cxd4 12. cxd4 Ne4 13. Nd3 Qe7 14. Bxd6 Qxd6 {½-½ (30) Iturrizaga Bonelli,E (2652)-Adams,M (2751) Caleta 2017}) 8. Ne5 Nbd7 {[%cal Rd7e5] The position is equal.} 9. f4 Ne4 10. Bd3 f5 11. Bh4 $146 ({Predecessor:} 11. Ndf3 Ndf6 12. Bh4 c4 13. Bxe4 Nxe4 {½-½ (59) Moon,B (2237)-Gurevich,D (2465) Dallas 2016}) 11... Ndf6 12. O-O b6 13. Rc1 a5 14. Rf3 Ba6 15. Bxa6 Rxa6 16. a4 (16. Bxf6 $15 gxf6 17. Nxe4 fxe4 18. Rh3 fxe5 19. dxe5) 16... Ra7 (16... Nxd2 $17 17. Qxd2 Ne4) 17. Rh3 $2 {[#]} ({White should play} 17. Bxf6 $1 $15 gxf6 18. Nxe4 fxe4 19. Rg3+ Kh8 20. Ng4) 17... Nxd2 $1 $19 18. Qxd2 Ne4 19. Qe2 Bxe5 20. fxe5 Qc6 21. Ra1 c4 22. Rf3 b5 23. axb5 Qxb5 {...g5 is the strong threat.} 24. g4 Raf7 25. gxf5 Rxf5 26. Rxf5 Rxf5 ({Don't take} 26... exf5 27. Be7 $17) 27. Rf1 Rxf1+ 28. Kxf1 Qe8 29. Qg4 (29. h3 $17 {only move.}) 29... Qf7+ 30. Kg2 (30. Kg1 $142) 30... h5 31. Qe2 g5 32. Be1 g4 33. Bh4 $2 {[#]} (33. Qf1) 33... Qf5 34. Qf1 (34. Kg1 $142 a4 35. Qd1) 34... Qxf1+ 35. Kxf1 {[%mdl 4096] Endgame KB-KN} a4 36. Be7 Kf7 37. Bb4 h4 {[%cal Bh5h4,Bh4h3][%mdl 32]} 38. Kg2 h3+ 39. Kg1 Kg6 40. Ba3 Kf5 41. Bf8 g3 42. hxg3 Kg4 43. Kh2 Nxg3 44. Kg1 Nf5 {Black mates.} 45. Kh2 Nxe3 46. Bh6 Nd1 47. Bc1 Nf2 {Precision: White = 34%, Black = 72%.} 0-1

[Event "Top 12 FRA-chT 2017"]
[Site "Chartres"]
[Date "2017.05.19"]
[Round "2"]
[White "Decosse, Jean-Fabien"]
[Black "Cornette, Matthieu"]
[Result "0-1"]
[WhiteElo "2216"]
[BlackElo "2593"]
[Annotator "TA"]
[PlyCount "54"]
[EventDate "2017.??.??"]
[EventType "team-tourn"]
[EventCountry "FRA"]
[SourceTitle "playchess.com"]
[Source "ChessBase"]
[SourceQuality "1"]
[WhiteTeam "Lisieux"]
[BlackTeam "Bois-Colombes"]

{[%evp 9,54,15,23,6,0,-6,-6,-12,-8,-31,-9,-42,-39,-55,-39,-52,-45,-50,-40,-48,-45,-49,-59,-56,-62,-82,-77,-91,-50,-170,-175,-158,-60,-66,-66,-170,-177,-185,-173,-242,-228,-248,-244,-245,-214,-376,-376]} 1. d4 e6 2. c4 b6 3. Nc3 Bb7 4. Nf3 Bb4 5. Qb3 a5 6. a3 {A40: Unusual replies to 1 d4} a4 7. Qc2 (7. Qxb4 Nc6 $15) 7... Bxc3+ $1 8. Qxc3 {The position is equal.} Nf6 9. g3 c5 $146 ({Predecessor:} 9... h6 10. Bg2 O-O 11. O-O d6 12. b4 axb3 13. Bb2 {0-1 (58) Indjic,A (2530)-Kovalenko,I (2642) Minsk 2014}) 10. dxc5 bxc5 11. Bg2 O-O 12. O-O d6 13. b4 axb3 $1 14. Qxb3 Qc7 15. Bb2 Nbd7 16. Rfd1 Rfb8 17. Qc3 Nb6 18. Qc1 e5 19. Nd2 ({White should play} 19. Rb1 $15) 19... Bxg2 $19 20. Kxg2 Qc6+ (20... Na4 $17 21. Bc3 d5) 21. Kg1 $1 $15 Ne4 22. Qc2 ({Better is} 22. Rb1 $1 $15) 22... Nxd2 $19 23. Rxd2 Ra4 $36 {[%mdl 2048] Black is in control.} 24. Qb3 (24. Bc1 {was worth a try.}) 24... Qa8 ({Worse is} 24... Rxc4 25. Rad1 $11) 25. Rc2 Nxc4 $1 26. Qa2 Qe4 ({Resist} 26... Rxb2 27. Rxb2 Nxb2 28. Qxb2) 27. Rac1 $2 {[#]} (27. Bc1) 27... d5 {Precision: White = 38%, Black = 69%.} ({Not} 27... Rxb2 28. Rxb2 Nxb2 29. Qxb2 $17) 0-1

[Event "Top 12 FRA-chT 2017"]
[Site "Chartres"]
[Date "2017.05.19"]
[Round "2"]
[White "Grollemund, Bertrand"]
[Black "Heimann, Andreas"]
[Result "1/2-1/2"]
[WhiteElo "2182"]
[BlackElo "2573"]
[Annotator "TA"]
[PlyCount "118"]
[EventDate "2017.??.??"]
[EventType "team-tourn"]
[EventCountry "FRA"]
[SourceTitle "playchess.com"]
[Source "ChessBase"]
[SourceQuality "1"]
[WhiteTeam "Montpellier"]
[BlackTeam "Mulhouse Philidor"]

{[%evp 20,118,41,22,39,18,14,18,35,0,6,-14,0,-47,0,0,0,-24,-14,-76,-21,-79,-60,-16,-8,-104,-112,-89,-37,-49,0,-30,27,-8,-49,-155,-149,-149,-147,-158,-143,-167,-162,-177,-183,-169,-175,-175,-173,-173,-173,-168,-159,-173,-136,-141,-143,-143,-148,-143,-136,-144,-144,-146,-136,-141,-144,-144,-144,-139,-129,-129,-103,-124,-104,-143,-101,-94,-51,-140,0,0,0,0,0,-160,-169,-151,-151,-154,-155,-145,-141,-671,-671,-1082,-1079,-12837,-12837,-12834,-12835]} 1. e4 c5 2. Nf3 e6 3. d4 cxd4 4. Nxd4 Nc6 5. Nc3 Qc7 6. Be3 a6 7. f4 Nxd4 {B48: Sicilian: Taimanov: 5 Nc3 Qc7 6 Be3 a6 without Be2} (7... b5 8. Be2 Bb7 9. Bf3 Rc8 10. Nxc6 Bxc6 11. Qd4 b4 12. Ne2 Nf6 13. c4 Be7 14. O-O O-O 15. Ng3 d6 16. b3 a5 17. Kh1 Nd7 {½-½ (63) Nakamura,H (2779)-Najer,E (2679) Doha 2016}) 8. Qxd4 b5 9. O-O-O Bb7 10. Bd3 Rc8 11. Rhe1 {LiveBook: 4 Games} Nh6 $146 {[%cal Bg8h6,Bh6f7,Bf7d6,Bd6c4][%mdl 32]} ({Predecessor:} 11... Nf6 12. e5 Nd5 13. Ne4 Nxe3 14. Qxe3 Be7 15. Kb1 O-O {1-0 (50) Hracek,Z (2646)-Schwarz,D (2339) Slovakia 2015}) 12. g3 f6 13. a3 Be7 14. Be2 Nf7 15. Bh5 g6 16. Bf3 Nd6 (16... Bxa3 $5 17. bxa3 e5 $11) 17. Rd3 Nc4 18. Red1 Kf7 19. Bg1 (19. Kb1 $11 {remains equal.}) 19... Rhd8 (19... Qa5 $1 $17 {Threatens to win with ...Nxb2!} 20. Na2 (20. Qxd7 Rc7 $19) 20... Qc7) 20. Qf2 (20. Qa7 $11) 20... b4 21. axb4 Bxb4 22. Na2 {[#]} (22. Nb1 $1 $11 {keeps the balance.}) 22... Be7 $1 $17 23. Kb1 Qa5 $40 {[%mdl 128] Black has some attack.} ({Black should play} 23... a5 $17 24. Rc3 Qb8) 24. Qe1 Qa4 25. Bd4 Ba8 ({Better is} 25... Bc6) 26. Bc3 Rb8 27. Ka1 (27. b3 $15) 27... Qxc2 {[%cal Rb8b2] ( -> ...Rxb2)} 28. Qe2 {[#]} Qxe2 $1 29. Bxe2 Bc6 30. Rd4 Ne3 31. Rc1 Bc5 32. Rd2 Bxe4 33. Bxf6 Kxf6 34. Rxc5 Rdc8 35. Rxc8 Rxc8 36. Nc3 Bc6 37. Kb1 a5 38. Bd3 Rb8 39. Re2 Nd5 {Hoping for ...Nxc3+.} 40. Ne4+ Ke7 41. Kc1 Rc8 {Strongly threatening ...Nb4.} 42. Kd2 Nb4 43. Bb1 Bxe4 44. Rxe4 {[%mdl 4096] Endgame KRB-KRN} d5 45. Re3 Kf6 46. h4 Rc4 47. Ra3 Rc5 48. g4 {[%cal Bg3g4,Bg4g5][%mdl 32]} Nc6 {White must now prevent ...Rb5.} 49. h5 (49. Rb3 $15) 49... Rc4 (49... Rb5 $17 50. Ra2 gxh5 51. gxh5 h6) 50. g5+ $11 Kf7 51. hxg6+ hxg6 52. Rh3 $2 (52. Rc3 $1 $11) 52... Rxf4 $17 {And now ...Rf2+ would win.} 53. Rh7+ Kg8 54. Rc7 Ne5 55. Re7 Rf2+ 56. Ke3 $2 {[%mdl 8192]} (56. Kc3 $17) 56... Rxb2 $19 {Black is clearly winning.} 57. Rxe6 Rxb1 58. Kd4 Nf3+ 59. Kxd5 Rb5+ {[%mdl 32768] Precision: White = 34%, Black = 51%. . An unexpected result.} 1/2-1/2

[Event "Top 12 FRA-chT 2017"]
[Site "Chartres"]
[Date "2017.05.19"]
[Round "2"]
[White "Leconte, Maria"]
[Black "Aflalo, Sophie"]
[Result "1-0"]
[WhiteElo "2174"]
[BlackElo "2135"]
[Annotator "NA"]
[PlyCount "60"]
[EventDate "2017.??.??"]
[EventType "team-tourn"]
[EventCountry "FRA"]
[SourceTitle "playchess.com"]
[Source "ChessBase"]
[SourceQuality "1"]
[WhiteTeam "Saint Quentin"]
[BlackTeam "Tremblay-En-France"]
[TimeControl "40/5400+30:1800+30"]

1. Nf3 {[%emt 0:00:00]} Nf6 {[%emt 0:03:33]} 2. g3 {[%emt 0:00:00]} g6 {[%emt 0:00:16]} 3. Bg2 {[%emt 0:00:05]} Bg7 {[%emt 0:00:08]} 4. O-O {[%emt 0:00:17]} O-O {[%emt 0:00:23]} 5. d4 {[%emt 0:00:11]} d6 {[%emt 0:00:10]} 6. Nc3 {[%emt 0:00:10]} Nbd7 {[%emt 0:00:43]} 7. e4 {[%emt 0:01:56]} c5 {[%emt 0:09:41]} 8. a4 {[%emt 0:00:59]} Rb8 {[%emt 0:07:42]} 9. Re1 {[%emt 0:00:40]} Ne8 {[%emt 0:02:34]} 10. e5 {[%emt 0:36:03]} dxe5 {[%emt 0:15:16]} 11. dxe5 {[%emt 0:00:26]} Nc7 {[%emt 0:00:12]} 12. Nd5 {[%emt 0:17:20]} Ne6 {[%emt 0:02:03]} 13. b3 {[%emt 0:02:04]} c4 {[%emt 0:11:10]} 14. Ba3 {[%emt 0:03:45]} Ndc5 {[%emt 0:05:31]} 15. Nd4 {[%emt 0:01:24]} Re8 {[%emt 0:28:12]} 16. Nxe6 {[%emt 0:00:45]} Nxe6 {[%emt 0:00:03]} 17. Nxe7+ {[%emt 0:01:11]} Kh8 18. Qxd8 {[%emt 0:00:00]} Rxd8 {[%emt 0:03:10]} 19. bxc4 {[%emt 0:08:36]} Bf8 {[%emt 0:02:08]} 20. Bd6 {[%emt 0:00:43]} Bd7 {[%emt 0:04:42]} 21. Red1 {[%emt 0:02:39]} Bxa4 22. Bxb8 {[%emt 0:00:52]} Rxd1+ {[%emt 0:02:32]} 23. Rxd1 {[%emt 0:00:04]} Bxe7 {[%emt 0:00:07]} 24. Ra1 {[%emt 0:02:48]} Bxc2 {[%emt 0:00:43]} 25. Rxa7 {[%emt 0:00:09]} Bc5 {[%emt 0:01:08]} 26. Rxb7 {[%emt 0:00:18]} Kg7 {[%emt 0:00:50]} 27. Bd6 {[%emt 0:00:31]} Bd4 {[%emt 0:00:14]} 28. Bd5 {[%emt 0:01:11]} Ng5 {[%emt 0:00:05]} 29. h4 {[%emt 0:01:23]} Ne4 {[%emt 0:01:07]} 30. Rxf7+ {[%emt 0:00:33]} Kh6 {[%emt 0:00:05]} 1-0

[Event "Top 12 FRA-chT 2017"]
[Site "Chartres"]
[Date "2017.05.19"]
[Round "2"]
[White "Steil-Antoni, Fiona"]
[Black "De Seroux, Camille"]
[Result "1-0"]
[WhiteElo "2155"]
[BlackElo "2117"]
[Annotator "NA"]
[PlyCount "85"]
[EventDate "2017.??.??"]
[EventType "team-tourn"]
[EventCountry "FRA"]
[SourceTitle "playchess.com"]
[Source "ChessBase"]
[SourceQuality "1"]
[WhiteTeam "Vandoeuvre"]
[BlackTeam "Grasse Echecs"]
[TimeControl "40/5400+30:1800+30"]

1. e4 {[%emt 0:00:00]} c5 {[%emt 0:00:07]} 2. c3 {[%emt 0:00:00]} d6 {[%emt 0:00:12]} 3. Nf3 {[%emt 0:00:53]} Nf6 {[%emt 0:01:06]} 4. Bd3 {[%emt 0:00:47]} Nc6 {[%emt 0:02:25]} 5. h3 {[%emt 0:01:07]} g6 {[%emt 0:01:18]} 6. O-O {[%emt 0:00:32]} Bg7 {[%emt 0:00:09]} 7. Bc2 {[%emt 0:00:27]} O-O {[%emt 0:04:07]} 8. Re1 {[%emt 0:01:10]} e5 {[%emt 0:21:33]} 9. d3 $11 {[%emt 0:06:42] LiveBook: 59 Games} Ne8 {[%emt 0:07:42]} 10. Nbd2 {[%emt 0:07:25]} f5 {[%emt 0:03:14]} 11. exf5 {[%emt 0:03:54]} Bxf5 {[%emt 0:03:56]} 12. Nf1 {[%emt 0:02:49]} Nc7 {[%emt 0:08:12]} 13. Be3 {[%emt 0:04:25]} Kh8 {[%emt 0:02:17]} 14. Ng3 {[%emt 0:02:50]} Nd5 {[%emt 0:09:44]} 15. Nxf5 {[%emt 0:04:12]} Rxf5 {[%emt 0:00:48]} 16. d4 {[%emt 0:03:55]} Nxe3 {[%emt 0:01:23]} 17. fxe3 {[%emt 0:01:28]} Rf8 {[%emt 0:02:57]} 18. d5 {[%emt 0:03:50]} Nb8 {[%emt 0:05:03]} 19. h4 {[%emt 0:04:57]} Bh6 {[%emt 0:06:01]} 20. Qd3 {[%emt 0:05:00]} Nd7 {[%emt 0:07:08]} 21. Rf1 {[%emt 0:03:38]} Nf6 {[%emt 0:02:27]} 22. Ng5 {[%emt 0:06:33]} Bxg5 {[%emt 0:07:02]} 23. hxg5 {[%emt 0:00:02]} Nd7 {[%emt 0:01:39]} 24. Rxf8+ {[%emt 0:03:19]} Qxf8 {[%emt 0:00:16]} 25. Qb5 {[%emt 0:08:04]} Qe7 {[%emt 0:00:54]} 26. Rf1 {[%emt 0:00:49]} Rf8 {[%emt 0:00:38]} 27. Qxb7 {[%emt 0:09:05]} Qxg5 {[%emt 0:00:23]} 28. Rxf8+ {[%emt 0:00:51]} Nxf8 {[%emt 0:00:02]} 29. Kf2 {[%emt 0:01:25]} Qh4+ {[%emt 0:00:53]} 30. Ke2 {[%emt 0:03:25]} Qh5+ {[%emt 0:00:39]} 31. Kd2 {[%emt 0:04:43]} Qg4 {[%emt 0:00:48]} 32. Qf7 {[%emt 0:00:57]} Qxg2+ {[%emt 0:00:52]} 33. Kd3 {[%emt 0:02:38]} e4+ {[%emt 0:00:31]} 34. Kc4 {[%emt 0:00:01]} Qe2+ {[%emt 0:00:23]} 35. Kb3 {[%emt 0:00:02]} Qb5+ {[%emt 0:00:20]} 36. Ka3 {[%emt 0:00:01]} Qa5+ {[%emt 0:00:45]} 37. Ba4 {[%emt 0:00:26]} Qd8 {[%emt 0:00:32]} 38. Be8 {[%emt 0:00:38]} Qa5+ {[%emt 0:00:33]} 39. Kb3 {[%emt 0:00:44]} c4+ {[%emt 0:00:29]} 40. Kc2 {[%emt 0:00:50]} Nd7 {[%emt 0:30:29]} 41. Bxd7 {[%emt 0:30:32]} h5 {[%emt 0:00:00]} 42. Be6 {[%emt 0:00:00]} Qd8 {[%emt 0:00:00]} 43. Qxg6 {[%emt 0:00:00]} 1-0

[Event "Top 12 FRA-chT 2017"]
[Site "Chartres"]
[Date "2017.05.19"]
[Round "2"]
[White "Marchadour, Emilie"]
[Black "Travadon, Loic"]
[Result "0-1"]
[WhiteElo "2097"]
[BlackElo "2358"]
[Annotator "TA"]
[PlyCount "76"]
[EventDate "2017.??.??"]
[EventType "team-tourn"]
[EventCountry "FRA"]
[SourceTitle "playchess.com"]
[Source "ChessBase"]
[SourceQuality "1"]
[WhiteTeam "Lisieux"]
[BlackTeam "Bois-Colombes"]

{[%evp 12,76,62,22,59,61,73,-15,-14,-1,-5,-13,-14,0,-7,-37,-33,-47,-29,-85,-56,-65,-64,-98,-89,-83,-85,-106,-75,-74,-76,-86,-68,-100,-56,-153,-85,-84,-18,-52,-9,-7,0,-118,-125,-116,-96,-190,-189,-175,-133,-306,-298,-475,-460,-797,-792,-731,-704,-865,-917,-29986,-29987,-12826,-12817,-29990,-29985]} 1. e4 d6 2. d4 Nf6 3. Nc3 c6 4. Nf3 Bg4 5. h3 Bh5 6. Bd3 e6 7. Be3 Be7 {B07: Pirc Defence: Miscellaneous Systems} 8. g4 Bg6 9. Qd2 (9. g5 $16 Nfd7 10. h4) (9. Nd2 d5 10. e5 Nfd7 11. f4 Bxd3 12. cxd3 Qb6 13. Qc2 Na6 14. a3 g5 15. fxg5 Nxe5 {0-1 (43) Bilguun,S (2419)-Krasenkow,M (2614) Warsaw 2016}) 9... d5 $1 $11 {[%cal Rd5e4] The position is equal.} 10. e5 Ne4 $146 ({Predecessor:} 10... Nfd7 11. Bg5 c5 12. Nb5 O-O 13. Bxe7 Qxe7 14. O-O-O Nc6 15. c3 {0-1 (38) Babrauskas,D (2045)-Sakalauskas,V (2384) Lithuania 2015}) 11. Bxe4 dxe4 12. Ng5 Bb4 13. f3 (13. h4 $5 {[%cal Rh4h5]} h6 14. Nh3 $15) 13... exf3 14. Nxf3 Nd7 {[%cal Bb8d7,Bd7b6,Bb6c4][%mdl 32]} 15. a3 (15. O-O $11) 15... Bxc3 16. Qxc3 Nb6 17. Qd2 Qd5 $36 {[%mdl 2048] Black is on the roll.} 18. O-O Nc4 $1 {[%csl LRb2,LRd2]} 19. Qf2 Nxe3 20. Qxe3 Bxc2 21. Rac1 Bg6 22. Nd2 Rd8 23. Nc4 (23. Rf4 $1 $15) 23... O-O (23... h5 $142 {aiming for ...hxg4.} 24. g5 Qxd4 25. Qxd4 Rxd4 26. Nd6+ Kd7 27. Nxb7 Rb8 28. Nc5+ Ke7) 24. Nd6 $17 b6 (24... f6 $17 25. Rcd1 b6) 25. h4 f5 26. h5 f4 (26... Be8 $5 {[%cal Rc6c5]} 27. h6 g6 $11) 27. Qf3 (27. Rxf4 $11 Rxf4 28. Qxf4) 27... Qxd4+ 28. Rf2 Be8 ({Much worse is} 28... Qxe5 $6 29. Nc4 $11) 29. Nxe8 (29. Qc3 $17 Qxc3 30. Rxc3) 29... Rdxe8 $19 ({Don't do} 29... Rfxe8 30. Qxf4 c5 31. b4 $17) 30. Rxc6 Qxe5 {Hoping for ...Qd4.} 31. Re2 $2 (31. Rc4 $17) 31... Qd4+ 32. Kh2 (32. Kf1 $142) 32... e5 {[%cal Be6e5,Be5e4][%mdl 32] [#] Threatens to win with ...e4.} 33. h6 (33. Re4 $142 Qxb2+ 34. Re2) 33... e4 34. Qb3+ Kh8 35. Rc7 gxh6 {Strongly threatening ...f3.} 36. Qh3 f3 {[%cal Bf4f3,Bf3f2][%mdl 32]} 37. Rec2 Qd6+ 38. Kg1 f2+ {Precision: White = 24%, Black = 51%.} 0-1

[Event "Top 12 FRA-chT 2017"]
[Site "Chartres"]
[Date "2017.05.19"]
[Round "2"]
[White "Dacalor, Aurelie"]
[Black "Barbini, Denis"]
[Result "1-0"]
[WhiteElo "1997"]
[BlackElo "2101"]
[Annotator "NA"]
[PlyCount "92"]
[EventDate "2017.??.??"]
[EventType "team-tourn"]
[EventCountry "FRA"]
[SourceTitle "playchess.com"]
[Source "ChessBase"]
[SourceQuality "1"]
[WhiteTeam "Bois-Colombes"]
[BlackTeam "Lisieux"]
[TimeControl "40/5400+30:1800+30"]

1. d4 {[%emt 0:00:00]} d5 {[%emt 0:00:19]} 2. c4 {[%emt 0:00:00]} c6 {[%emt 0:00:17]} 3. Nf3 {[%emt 0:00:00]} Nf6 {[%emt 0:00:11]} 4. b3 {[%emt 0:04:55]} Bf5 {[%emt 0:07:29]} 5. e3 {[%emt 0:03:01]} e6 {[%emt 0:00:48]} 6. Be2 {[%emt 0:03:23]} h6 {[%emt 0:03:58]} 7. O-O {[%emt 0:00:10]} Nbd7 {[%emt 0:02:38]} 8. Bb2 {[%emt 0:04:03]} Be7 {[%emt 0:04:49]} 9. Nc3 $11 {[%emt 0:00:14]} O-O {[%emt 0:01:06]} 10. h3 {[%emt 0:12:36]} Ne4 {[%emt 0:11:17]} 11. Nd2 {[%emt 0:08:22]} Bd6 {[%emt 0:10:58]} 12. Ndxe4 {[%emt 0:10:51]} dxe4 {[%emt 0:03:39]} 13. Bg4 {[%emt 0:06:34]} Bxg4 {[%emt 0:09:24]} 14. Qxg4 {[%emt 0:00:39]} f5 {[%emt 0:00:20]} 15. Qe2 {[%emt 0:01:30]} Qg5 {[%emt 0:01:22]} 16. Rad1 {[%emt 0:13:40]} Rf6 {[%emt 0:02:57]} 17. f4 {[%emt 0:02:16]} exf3 {[%emt 0:01:55]} 18. Qxf3 {[%emt 0:20:11]} e5 {[%emt 0:09:43]} 19. Ne2 {[%emt 0:00:08]} Rg6 {[%emt 0:12:07]} 20. a3 {[%emt 0:01:19]} Re8 {[%emt 0:01:26]} 21. Bc1 {[%emt 0:01:37]} e4 {[%emt 0:04:56]} 22. Qf2 {[%emt 0:00:05]} c5 {[%emt 0:00:59]} 23. Nf4 {[%emt 0:00:50]} Bxf4 {[%emt 0:00:34]} 24. exf4 {[%emt 0:00:03]} Qe7 {[%emt 0:01:39]} 25. d5 {[%emt 0:01:36]} e3 {[%emt 0:02:57]} 26. Qe2 {[%emt 0:00:01]} Qe4 {[%emt 0:02:38]} 27. Rde1 {[%emt 0:00:41]} Qb1 {[%emt 0:01:12]} 28. Bb2 {[%emt 0:00:34]} Qe4 {[%emt 0:00:54]} 29. Rf3 {[%emt 0:00:18]} Rb6 {[%emt 0:01:05]} 30. Rxe3 {[%emt 0:01:06]} Qxe3+ {[%emt 0:00:11]} 31. Qxe3 {[%emt 0:00:02]} Rxe3 {[%emt 0:00:05]} 32. Rxe3 {[%emt 0:00:06]} Kf7 {[%emt 0:00:19]} 33. Kf2 {[%emt 0:03:39]} g5 {[%emt 0:00:05]} 34. Kf3 {[%emt 0:00:28]} Rg6 {[%emt 0:00:31]} 35. Be5 {[%emt 0:01:03]} g4+ {[%emt 0:01:13]} 36. hxg4 {[%emt 0:00:10]} fxg4+ {[%emt 0:00:54]} 37. Kg3 {[%emt 0:00:52]} Rg8 {[%emt 0:00:40]} 38. Kh4 {[%emt 0:00:36]} Kg6 {[%emt 0:00:25]} 39. Bd6 {[%emt 0:00:29]} Kf5 {[%emt 0:00:58]} 40. Re7 {[%emt 0:00:36]} Nf6 {[%emt 0:30:20]} 41. Rf7 {[%emt 0:30:34]} Kg6 {[%emt 0:00:00]} 42. Rxb7 {[%emt 0:00:00]} Ne4 {[%emt 0:00:00]} 43. Be5 {[%emt 0:00:00]} g3 {[%emt 0:00:00]} 44. Rxa7 {[%emt 0:00:00]} h5 {[%emt 0:00:00]} 45. Ra6+ {[%emt 0:00:00]} Kf5 {[%emt 0:00:00]} 46. Kxh5 {[%emt 0:00:00]} Rb8 {[%emt 0:00:00]} 1-0